Narrativa del Sitio de Zaragoza / (Record no. 177425)

MARC details
000 -LEADER
campo de control de longitud fija 01181nam a2200289 4500
001 - NÚMERO DE CONTROL
campo de control 177425
003 - IDENTIFICADOR DE NÚMERO DE CONTROL
campo de control ES-MaACL
005 - FECHA Y HORA DE LA ÚLTIMA TRANSACCIÓN
campo de control 20230907124046.0
008 - DATOS DE LONGITUD FIJA--INFORMACIÓN GENERAL
campo de control de longitud fija 110322r20081809sp acfh |||| |dspa d
017 ## - NÚMERO DE COPYRIGHT O DE DEPÓSITO LEGAL
Número de copyright o de depósito legal Z-4.291/08
020 ## - NÚMERO INTERNACIONAL ESTÁNDAR DEL LIBRO
Número Internacional Estándar del Libro 9788493644260
080 ## - NÚMERO DE LA CLASIFICACIÓN DECIMAL UNIVERSAL
Número de la Clasificación Decimal Universal 94(460.224 Z.)"1808/09"
100 1# - ENTRADA PRINCIPAL--NOMBRE DE PERSONA
Nombre de persona Vaughan, Charles Richard.
9 (RLIN) 145796
245 10 - MENCIÓN DEL TÍTULO
Título Narrativa del Sitio de Zaragoza /
Mención de responsabilidad, etc. Charles Richard Vaughan ; edición, José Luis Cintora ; traducción, Olga Sofía Cintora.
260 ## - PUBLICACIÓN, DISTRIBUCIÓN, ETC.
Lugar de publicación, distribución, etc. Zaragoza :
Nombre del editor, distribuidor, etc. Comuniter :
-- Institución "Fernando el Católico",
Fecha de publicación, distribución, etc. 2008.
300 ## - DESCRIPCIÓN FÍSICA
Extensión 109 p., [12] h. de lám. col. ;
Dimensiones 24 cm.
534 ## - NOTA SOBRE LA VERSIÓN ORIGINAL
Frase introductoria Reprod. de la ed. de.
Mención de título del original Narrative of the Siege of Zaragoza,
Publicación, distribución, etc. del original London : James Ridgway, 1809.
546 ## - NOTA DE IDIOMA
Nota de lengua/lenguaje Texto inglés y traducción en español.
651 #7 - PUNTO DE ACCESO ADICIONAL DE MATERIA--NOMBRE GEOGRÁFICO
Nombre geográfico Zaragoza-
Subdivisión general Historia-
Subdivisión cronológica 1808-1809, Sitio.
9 (RLIN) 142068
700 1# - ENTRADA AGREGADA--NOMBRE PERSONAL
Nombre de persona Cintora, José Luis.
9 (RLIN) 145797
700 1# - ENTRADA AGREGADA--NOMBRE PERSONAL
Nombre de persona Cintora, Olga Sofía.
9 (RLIN) 145798
710 2# - ENTRADA AGREGADA--NOMBRE DE ENTIDAD CORPORATIVA
Nombre de entidad corporativa o nombre de jurisdicción como elemento de entrada Institución "Fernando el Católico"
9 (RLIN) 4721
740 0# - ENTRADA AGREGADA--TÍTULO RELACIONADO/ANALÍTICO NO CONTROLADO
Título relacionado o analítico no controlado Narrative of the Siege of Zaragoza.
852 ## - LOCALIZACIÓN
Ubicación ES-MaACL
itemnumber 184243
Sublocalización o colección R.144447
Número de control de estantería A-11058
Signatura antigua Olim:N-4066
Ubicación en estantería Depósito 1
942 ## - ELEMENTOS DE ENTRADA SECUNDARIOS (KOHA)
Fuente del sistema de clasificación o colocación Clasificación decimal universal
Tipo de ítem Koha Libro impreso
Holdings
Estatus retirado Estado de pérdida Fuente del sistema de clasificación o colocación Estado de daño No para préstamo Biblioteca de origen Biblioteca actual Ubicación en estantería Fecha de adquisición Fuente de adquisición Total de préstamos Signatura topográfica completa Código de barras Visto por última vez Precio de reemplazo Tipo de ítem Koha
    Clasificación decimal universal     Biblioteca del Ateneo de Madrid Biblioteca del Ateneo de Madrid Depósito 1 22/03/2011 Donación   A-11058 1186348 23/02/2023 23/02/2023 Libro impreso